Party walls (Record no. 102424)

MARC details
000 -LEADER
fixed length control field 01071cam a2200241 4500
008 - FIXED-LENGTH DATA ELEMENTS--GENERAL INFORMATION
fixed length control field #DATE n2003 000 0 eng u
020 ## - INTERNATIONAL STANDARD BOOK NUMBER
International Standard Book Number 0853087997
035 ## - SYSTEM CONTROL NUMBER
System control number (Sirsi) u119878
041 ## - LANGUAGE CODE
Language code of text/sound track or separate title eng
050 ## - LIBRARY OF CONGRESS CALL NUMBER
Classification number 692.2
-- 18
100 ## - MAIN ENTRY--PERSONAL NAME
Personal name Bickford-Smith, S.
245 ## - TITLE STATEMENT
Title Party walls
250 ## - EDITION STATEMENT
Edition statement 2nd ed.
260 ## - PUBLICATION, DISTRIBUTION, ETC.
Place of publication, distribution, etc. Bristol
Name of publisher, distributor, etc. Jordans
Date of publication, distribution, etc. 2003
300 ## - PHYSICAL DESCRIPTION
Extent xxviii, 235p.
Dimensions 25cm.
350 ## - PRICE (NR) (BK AM CF MU VM SE) [OBSOLETE]
Price 45
520 ## - SUMMARY, ETC.
Summary, etc. Provides an authoritative explanation of the law regulating the building, maintenance and repair of party walls, and sets out the process for settling disputes between parties. The provisions of the Party Wall etc Act 1996 are analysed in depth, and the scope and procedures under it fully explained. This second edition has been fully updated and expanded to incorporate the many changes in practice and procedure since the implementation of the Act. Supersedes first edition. (ISBN 0853084017).
650 ## - SUBJECT ADDED ENTRY--TOPICAL TERM
Topical term or geographic name entry element PARTY WALL ETC ACT 1996
650 ## - SUBJECT ADDED ENTRY--TOPICAL TERM
Topical term or geographic name entry element Party walls
9 (RLIN) 6258
690 ## - LOCAL SUBJECT ADDED ENTRY--TOPICAL TERM (OCLC, RLIN)
Topical term or geographic name as entry element Boundary disputes
9 (RLIN) 6221
700 ## - ADDED ENTRY--PERSONAL NAME
Personal name Sydenham, C.
942 ## - ADDED ENTRY ELEMENTS (KOHA)
Suppress in OPAC 0
Holdings
Withdrawn status Lost status Source of classification or shelving scheme Damaged status Not for loan Home library Current library Shelving location Date acquired Cost, normal purchase price Total Checkouts Full call number Barcode Date last seen Date last checked out Copy number Cost, replacement price Price effective from Koha item type
    Other/Generic Classification Scheme     London London Books 19/05/2004 45.00 37 692.2 BIC 30069211 06/08/2019 10/02/2010 2 45.00 06/08/2019 Book